000 00610nam a2200181 a 4500
001 000023728
005 20200930022424.0
008 110112s1948 ht r 000 0 cpf d
040 _aDO-SdBNP
_bspa
_cBNPHU
082 _axxxxx
_bB468c
100 1 _aBenjamín, Georges J.
_948855
245 1 0 _aContribution a l´histoire diplomatique et contemporaine /
_cGeorges J. Benjamín.
260 _aPort-Au-Prince :
_bLé État,
_c1948.
300 _a314 p. ;
_c20 cm.
500 _aIncluye bibliografía p. [311-314].
500 _aIncluye referencias bibliográficas y notas al pie de las páginas.
049 _aBNGR
999 _c23224
_d23224